000 00629nam a2200229Ia 4500
005 20250508163756.0
008 008 250505s9999 xx 000 0 eng d
020 _a0-415-12809-9
037 _aReference
040 _aFEDL
_beng
_cFEDL
041 _aeng
_2eng
084 _a325.3, LOO
_qFEDL
100 _aLoomba Ania
245 0 _aColonialism / Postcolonialism
260 _aLondon, UK
_bRoutledge
_c1998
300 _axviii.289p
365 _aINR
_b295
490 _aThe new criticaal idiom
650 _aColonialism; Postcolonialism
_9776304
942 _cREF
_h325.3, LOO
999 _c1385186
_d1385186